000 01301nam1a2200289 i 4500
001 RU\NLR\bibl\1082889
005 20241115070322.0
035 _a(NLR Aleph) 001070064
090 _a993000
_c993000
100 _a20070508g20049999u y0rusy50 ca
101 0 _arus
102 _aRU
105 _a||||z |||||
200 1 _aТеория машин и механизмов
_eкурс лекций
_fД.Б. Лопатин, И.М. Зизин
_gМ-во образования и науки Рос. Федерации, Федер. агентство по образованию, Юж.-Урал. гос. ун-т, Фил. в г. Златоусте, Каф. "Техн. механика"
210 _aЧелябинск
_cИзд-во ЮУрГУ
_d2004
215 _d20
463 0 _10011076132
606 _aМашин и механизмов теория
_jУчебные издания для высших учебных заведений
_92086099
_3RU\NLR\auth\661262226
686 _aК412я73-2
700 1 _aЛопатин
_bД. Б.
_gДмитрий Борисович
_4070
701 1 _aЗизин
_bИ. М.
_gИгорь Михайлович
_4070
801 0 _aRU
_bNLR
_c20070508
_gRCR
801 1 _aRU
_bNLR
_c20070508
852 _aNLR
_j2007-4/8893
942 _cBOOK